Practical applications of computational intelligence for adaptive control / (Record no. 175942)
[ view plain ]
| 000 -LEADER | |
|---|---|
| fixed length control field | 00934 a2200229 4500 |
| 003 - CONTROL NUMBER IDENTIFIER | |
| control field | Nust |
| 005 - DATE AND TIME OF LATEST TRANSACTION | |
| control field | 20230908083939.0 |
| 010 ## - LIBRARY OF CONGRESS CONTROL NUMBER | |
| LC control number | 99010490 |
| 020 ## - INTERNATIONAL STANDARD BOOK NUMBER | |
| Terms of availability | 0849320690 (acid-free paper) |
| 040 ## - CATALOGING SOURCE | |
| Transcribing agency | Nust |
| 082 00 - DEWEY DECIMAL CLASSIFICATION NUMBER | |
| Classification number | 629.836,KAR |
| 100 1# - MAIN ENTRY--PERSONAL NAME | |
| Personal name | Karr, C. L. |
| 9 (RLIN) | 99484 |
| 245 10 - TITLE STATEMENT | |
| Title | Practical applications of computational intelligence for adaptive control / |
| Statement of responsibility, etc. | Charles L. Karr. |
| 260 ## - PUBLICATION, DISTRIBUTION, ETC. | |
| Place of publication, distribution, etc. | Boca Raton [Fla.] : |
| Name of publisher, distributor, etc. | CRC Press, |
| Date of publication, distribution, etc. | c1999. |
| 300 ## - PHYSICAL DESCRIPTION | |
| Extent | [xv], 254 p. : |
| Other physical details | ill. ; |
| Dimensions | 25 cm. |
| 440 #4 - SERIES STATEMENT/ADDED ENTRY--TITLE | |
| Title | The CRC Press international series on computational intelligence |
| 9 (RLIN) | 98020 |
| 505 ## - FORMATTED CONTENTS NOTE | |
| Formatted contents note | Part 1: Fuzzy Systems (Page-1), Part 2: Genetic Algorithms (Page-53), Part 3: Computer Modeling (Page-121), Part 4: Applications (Page-165). |
| 650 #0 - SUBJECT ADDED ENTRY--TOPICAL TERM | |
| Topical term or geographic name entry element | Computational intelligence. |
| 650 #0 - SUBJECT ADDED ENTRY--TOPICAL TERM | |
| Topical term or geographic name entry element | Telecommunication engineering |
| 856 42 - ELECTRONIC LOCATION AND ACCESS | |
| Materials specified | Publisher description |
| Uniform Resource Identifier | <a href="http://www.loc.gov/catdir/enhancements/fy0646/99010490-d.html">http://www.loc.gov/catdir/enhancements/fy0646/99010490-d.html</a> |
| 942 ## - ADDED ENTRY ELEMENTS (KOHA) | |
| Koha item type | Reference |
| Source of classification or shelving scheme | |
| Withdrawn status | Lost status | Source of classification or shelving scheme | Damaged status | Not for loan | Permanent Location | Current Location | Shelving location | Date acquired | Full call number | Barcode | Date last seen | Price effective from | Koha item type | Public note |
|---|---|---|---|---|---|---|---|---|---|---|---|---|---|---|
| Military College of Signals (MCS) | Military College of Signals (MCS) | Reference | 12/12/2016 | 629.836,KAR | MCS30795 | 12/08/2016 | 12/12/2016 | Reference | Almirah No.24, Shelf No.4 |
